00608nam a22001817a 4500003000400000008004100004020001800045082001200063100001700075245004300092250001400135260004100149300001100190650001100201942001300212999001700225952018400242OSt241022b |||||||| |||| 00| 0 eng d a9780500204122 a391 LAC aLAVER, James aCostume and Fashion: A Concise History a5th. ed., aLondon,bThames & Hudson Ltd,c2012, a312 p. aB.FAD. 2ddccREF c12926d12926 00102ddc40708BFADaPIETNCRbPIETNCRd2024-10-01ePankaj Publication InternationalfIn Rupeesg2175.64kPPI-15l0o391 LACpN3759r2024-10-22 00:00:00v1588.22w2024-10-01yREF